2010s Highest Grossing Movies By Year - Statistics

General Stats
  • This quiz has been taken 60 times
  • The average score is 35 of 100
Answer Stats
Year Rank Worldwide Gross (USD) Distributor Answer % Correct
2012 1. $1.518 billion Disney The Avengers
89%
2013 1. $1.280 billion Disney Frozen
72%
2019 1. $2.799 billion Disney Avengers: Endgame
69%
2018 1. $2.048 billion Disney Avengers: Infinity War
67%
2010 1. $1.067 billion Disney Toy Story 3
67%
2010 7. $623 million Paramount Iron Man 2
64%
2013 2. $1.214 billion Disney Iron Man 3
61%
2012 7. $757 million Sony The Amazing Spider-Man
61%
2015 4. $1.402 billion Disney Avengers: Age of Ultron
58%
2019 8. $1.073 billion Disney Toy Story 4
58%
2019 3. $1.450 billion Disney Frozen 2
56%
2010 4. $828 million Warner Bros. Inception
56%
2015 7. $858 million Disney Inside Out
53%
2015 1. $2.068 billion Disney Star Wars: The Force Awakens
53%
2019 2. $1.656 billion Disney The Lion King
50%
2010 9. $543 million Universal Despicable Me
47%
2013 3. $971 million Universal Despicable Me 2
47%
2013 9. $670 million Warner Bros. Man of Steel
47%
2012 3. $1.081 billion Warner Bros. The Dark Knight Rises
47%
2016 4. $1.023 billion Disney Zootopia
47%
2018 5. $1.148 billion Warner Bros. Aquaman
44%
2016 1. $1.153 billion Disney Captain America: Civil War
44%
2014 3. $772 million Disney Guardians of the Galaxy
44%
2011 1. $1.341 billion Warner Bros. Harry Potter and the Deathly Hallows — Part 2
44%
2014 10. $677 million Paramount/Warner Bros. Interstellar
44%
2015 5. $1.159 billion Universal Minions
44%
2019 4. $1.132 billion Sony Pictures Spider-Man: Far From Home
44%
2017 6. $880 million Sony Spider-Man: Homecoming
44%
2014 9. $708 million Sony Pictures The Amazing Spider-Man 2
44%
2017 9. $853 million Disney Thor: Ragnarok
44%
2017 2. $1.263 billion Disney Beauty and the Beast
42%
2018 2. $1.347 billion Disney Black Panther
42%
2019 5. $1.128 billion Disney Captain Marvel
42%
2013 6. $788 million Universal Fast & Furious 6
42%
2010 3. $960 million Warner Bros. Harry Potter and the Deathly Hallows — Part 1
42%
2015 2. $1.670 billion Universal Jurassic World
42%
2017 1. $1.332 billion Disney Star Wars: The Last Jedi
42%
2012 9. $694 million Lionsgate The Hunger Games
42%
2017 10. $822 million Warner Bros. Wonder Woman
42%
2016 9. $782 million 20th Century Fox Deadpool
39%
2017 4. $1.035 billion Universal Despicable Me 3
39%
2017 8. $869 million Disney Guardians of the Galaxy Vol. 2
39%
2010 8. $592 million Disney Tangled
39%
2013 10. $644 million Disney Thor: The Dark World
39%
2018 7. $856 million Sony Venom
39%
2014 7. $714 million Disney Captain America: The Winter Soldier
36%
2015 3. $1.515 billion Universal Furious 7
36%
2018 3. $1.308 billion Universal Jurassic World: Fallen Kingdom
36%
2012 2. $1.108 billion Sony Skyfall
36%
2017 3. $1.236 billion Universal The Fate of the Furious
36%
2013 5. $865 million Lionsgate The Hunger Games: Catching Fire
36%
2014 1. $1.104 billion Paramount Transformers: Age of Extinction
36%
2019 9. $1.050 billion Disney Aladdin
33%
2016 7. $873 million Warner Bros. Batman v. Superman: Dawn of Justice
33%
2011 7. $626 million Universal Fast Five
33%
2018 4. $1.242 billion Disney Incredibles 2
33%
2015 6. $880 million Sony Spectre
33%
2019 7. $1.074 billion Disney Star Wars: The Rise of Skywalker
33%
2014 5. $755 million Lionsgate The Hunger Games: Mockingjay — Part 1
33%
2015 9. $653 million Lionsgate The Hunger Games: Mockingjay — Part 2
33%
2011 2. $1.123 billion Paramount Transformers: Dark of the Moon
33%
2014 6. $746 million 20th Century Fox X-Men: Days of Future Past
33%
2016 3. $1.028 billion Disney Finding Dory
31%
2011 5. $694 million Paramount Mission: Impossible — Ghost Protocol
31%
2015 8. $682 million Paramount Mission: Impossible — Rogue Nation
31%
2016 2. $1.056 billion Disney Rogue One: A Star Wars Story
31%
2011 10. $559 million Disney Cars 2
28%
2018 9. $785 million 20th Century Fox Deadpool 2
28%
2010 10. $494 million Paramount How to Train Your Dragon
28%
2019 6. $1.078 billion Warner Bros. Joker
28%
2016 5. $966 million Disney The Jungle Book
28%
2018 8. $791 million Paramount Mission: Impossible — Fallout
25%
2011 3. $1.045 billion Disney Pirates of the Caribbean: On Stranger Tides
25%
2010 5. $752 million Paramount Shrek Forever After
25%
2016 10. $746 million Warner Bros. Suicide Squad
25%
2014 4. $758 million Disney Maleficent
22%
2012 4. $1.017 billion Warner Bros. The Hobbit: An Unexpected Journey
22%
2013 4. $958 million Warner Bros. The Hobbit: The Desolation of Smaug
22%
2010 2. $1.025 billion Disney Alice in Wonderland
19%
2016 8. $814 million Warner Bros. Fantastic Beasts and Where to Find Them
19%
2013 7. $743 million Disney Monsters University
19%
2014 2. $962 million Warner Bros. The Hobbit: The Battle of the Five Armies
19%
2013 8. $723 million Warner Bros. Gravity
17%
2015 10. $630 million 20th Century Fox The Martian
17%
2018 6. $910 million 20th Century Fox Bohemian Rhapsody
14%
2011 6. $665 million Paramount Kung Fu Panda 2
14%
2012 8. $746 million Paramount Madagascar 3: Europe's Most Wanted
14%
2012 10. $654 million Sony Men in Black 3
14%
2011 4. $712 million Summit The Twilight Saga: Breaking Dawn — Part 1
14%
2012 6. $829 million Lionsgate The Twilight Saga: Breaking Dawn — Part 2
14%
2010 6. $698 million Summit The Twilight Saga: Eclipse
14%
2012 5. $877 million 20th Century Fox Ice Age: Continental Drift
11%
2011 9. $563 million Sony The Smurfs
11%
2014 8. $710 million 20th Century Fox Dawn of the Planet of the Apes
8%
2018 10. $655 million Warner Bros. Fantastic Beasts: The Crimes of Grindelwald
8%
2011 8. $586 million Warner Bros. The Hangover Part II
8%
2019 10. $801 million Sony Pictures Jumanji: The Next Level
6%
2017 5. $962 million Sony Jumanji: Welcome to the Jungle
6%
2016 6. $875 million Universal The Secret Life of Pets
6%
2017 7. $870 million United Entertainment Wolf Warrior 2
3%
No matching quizzes found
Score Distribution
Percent of People with Each Score
Percentile by Number Answered
Your Score History
You have not taken this quiz